Investičná činnosť poisťovní
Správanie sa komerčných poisťovní na poistnom trhu v podmienkach konkurenčného trhového prostredia. Špecializácia komerčných poisťovní na životné poistenie a neživotné (majetkové) poistenie. Investície životných poisťovní. Investície spoločností pre majetkové a živelné poistenie. Investície stratégi...
Enregistré dans:
| Auteur principal: | |
|---|---|
| Format: | Chapitre de livre |
| Langue: | slovaque |
| Sujets: | |
| Tags: |
Pas de tags, Soyez le premier à ajouter un tag!
|
MARC
| LEADER | 00000naa a2200000 4500 | ||
|---|---|---|---|
| 001 | r033672 | ||
| 005 | 20230918102414.7 | ||
| 041 | 0 | |a slo | |
| 044 | |a SK | ||
| 245 | 1 | 0 | |a Investičná činnosť poisťovní |c Mária Pavlíková |
| 520 | |a Správanie sa komerčných poisťovní na poistnom trhu v podmienkach konkurenčného trhového prostredia. Špecializácia komerčných poisťovní na životné poistenie a neživotné (majetkové) poistenie. Investície životných poisťovní. Investície spoločností pre majetkové a živelné poistenie. Investície stratégie penzijných fondov. | ||
| 610 | 2 | 0 | |a poisťovníctvo |
| 610 | 2 | 0 | |a poisťovne komerčné |
| 610 | 2 | 0 | |a trh poistný |
| 610 | 2 | 0 | |a investície |
| 610 | 2 | 0 | |a podnikanie |
| 610 | 2 | 0 | |a poistenie životné |
| 610 | 2 | 0 | |a poistenie neživotné |
| 610 | 2 | 0 | |a fondy penzijné |
| 610 | 2 | 0 | |a investovanie |
| 100 | 1 | |a Pavlíková, Mária | |